00623 2200241 4500001002100000005001500021035002000036245006400056100001200120250000600132300003500138700001700173260004700190082001000237084001600247020002200263650001100285990001700296990001700313990001700330990001700347990001700364INLIS00000000000005920180811115828 a0010-08180000231 aMengenal Aqiqah dan Qurban /cSopandi; Editor, Heda Afriani0 aSopandi a- aiv, 50 hlm. :bilus. ;c21 cm.0 aHeda Afriani aBandung :bPT Imperial Bhakti Utama,c2009 a2X4.1 a2X4.1 SOP m a978-602-8318-27-3 aQurban a00245/P/2018 a00246/P/2018 a00247/P/2018 a00248/P/2018 a00249/P/2018